[Event "FRA-chT2 North 0607"]
[Site "France"]
[Date "2006.10.15"]
[Round "1.7"]
[White "Manet, Eric"]
[Black "Wabant, Pascal"]
[Result "0-1"]
[WhiteElo "1976"]
[BlackElo "2077"]
[PlyCount "76"]
[EventDate "2006.10.15"]
[EventType "team-tourn"]
[EventRounds "11"]
[EventCountry "FRA"]
[SourceTitle "EXT 2008"]
[Source "ChessBase"]
[SourceDate "2007.11.25"]
[SourceVersion "1"]
[SourceVersionDate "2007.11.25"]
[SourceQuality "1"]
[WhiteTeam "Arras"]
[BlackTeam "Bois Colombes II"]
[WhiteTeamCountry "FRA"]
[BlackTeamCountry "FRA"]

1. e4 g6 2. d4 Bg7 3. Nc3 c6 4. Nf3 Nf6 5. e5 Nd5 6. Nxd5 cxd5 7. Be2 Nc6 8. 0-0 d6 9. exd6 Qxd6 10. Be3 0-0 11. Qd2 Bg4 12. h3 Bxf3 13. Bxf3 e6 14. Bf4 Qd7 15. c3 Rfc8 16. Rfe1 b5 17. a3 Na5 18. Bd1 Nc4 19. Qe2 a5 20. Bb3 Bf8 21. h4 Nd6 22. h5 Qb7 23. hxg6 hxg6 24. Qg4 b4 25. cxb4 axb4 26. a4 Nf5 27. Be5 Bg7 28. Rad1 Rc6 29. Qf3 Rac8 30. g4 Nh4 31. Qg3 g5 32. Bxg7 Kxg7 33. Qe5+ f6 34. Qe3 Qc7 35. Ra1 Rh8 36. Kf1 Ng6 37. Red1 Nf4 38. Qf3 Rh3 0-1

[Event "FRA-chT2A 0506"]
[Site "France"]
[Date "2006.03.12"]
[Round "9.1"]
[White "Wabant, Pascal"]
[Black "Stets, Dmitry"]
[Result "1/2-1/2"]
[WhiteElo "2120"]
[BlackElo "2418"]
[PlyCount "109"]
[EventDate "2005.10.27"]
[EventType "team-tourn"]
[EventRounds "11"]
[EventCountry "FRA"]
[SourceTitle "EXT 2006"]
[Source "ChessBase"]
[SourceDate "2005.11.24"]
[SourceVersion "1"]
[SourceVersionDate "2005.11.24"]
[SourceQuality "1"]
[WhiteTeam "Bois Colombes II"]
[BlackTeam "Niort"]
[WhiteTeamCountry "FRA"]
[BlackTeamCountry "FRA"]

1. e4 c5 2. Nf3 d6 3. c3 Nf6 4. Bd3 g6 5. h3 Bg7 6. 0-0 0-0 7. Bc2 b6 8. d4 Bb7 9. Re1 Nc6 10. Nbd2 cxd4 11. cxd4 Rc8 12. a3 Qc7 13. Bb1 Bh6 14. Nb3 Bxc1 15. Qxc1 e5 16. Qg5 Qe7 17. d5 Nb8 18. Bd3 Kg7 19. Nh4 Kh8 20. Nf3 Rc7 21. Rac1 Rfc8 22. Rxc7 Rxc7 23. Rc1 Kg7 24. Rxc7 Qxc7 25. Qc1 Qd8 26. Nbd2 Bc8 27. Kh2 h6 28. Qc2 Nbd7 29. b4 Nf8 30. Qc6 Qd7 31. Qxd7 Bxd7 32. Nc4 Ne8 33. Ne3 Kf6 34. Nd2 Ke7 35. h4 Nf6 36. Be2 g5 37. hxg5 hxg5 38. Kg1 Kd8 39. Kf1 Kc7 40. Ke1 Ng6 41. g3 Ne7 42. Kd1 Neg8 43. Ke1 Nh6 44. f3 Ne8 45. Kf2 Kd8 46. Nd1 f5 47. Nc3 Nc7 48. Nc4 Ke7 49. f4 Nf7 50. Bh5 gxf4 51. gxf4 b5 52. Nxd6 Nxd6 53. fxe5 fxe4 54. exd6+ Kxd6 55. Bf7 1/2-1/2

[Event "FRA-chT2A 0506"]
[Site "France"]
[Date "2006.01.14"]
[Round "5.8"]
[White "Wabant, Pascal"]
[Black "Pinot, Christophe"]
[Result "1/2-1/2"]
[WhiteElo "2120"]
[BlackElo "1968"]
[PlyCount "46"]
[EventDate "2005.10.27"]
[EventType "team-tourn"]
[EventRounds "11"]
[EventCountry "FRA"]
[SourceTitle "EXT 2006"]
[Source "ChessBase"]
[SourceDate "2005.11.24"]
[SourceVersion "1"]
[SourceVersionDate "2005.11.24"]
[SourceQuality "1"]
[WhiteTeam "Bois Colombes II"]
[BlackTeam "Rennes Paul Bert"]
[WhiteTeamCountry "FRA"]
[BlackTeamCountry "FRA"]

1. e4 d5 2. exd5 Qxd5 3. Nf3 Nf6 4. Nc3 Qa5 5. d4 c6 6. Ne5 Bf5 7. Bd3 Bxd3 8. Qxd3 e6 9. Bf4 Nbd7 10. Nc4 Qd8 11. 0-0-0 Nb6 12. Na5 Nbd5 13. Nxd5 Nxd5 14. Bd2 Qc7 15. Qg3 0-0-0 16. Nc4 Be7 17. Qxc7+ Nxc7 18. Ne5 Rhf8 19. Bf4 Nd5 20. Bd2 Nc7 21. Bf4 Nd5 22. Bd2 Nc7 23. Bf4 Nd5 1/2-1/2

[Event "FRA-chT2 0405"]
[Site "France"]
[Date "2004.12.05"]
[Round "4.4"]
[White "Wabant, Pascal"]
[Black "Dussart, Frederic"]
[Result "0-1"]
[WhiteElo "2154"]
[BlackElo "2284"]
[PlyCount "98"]
[EventDate "2004.10.10"]
[EventType "team-tourn"]
[EventRounds "11"]
[EventCountry "FRA"]
[SourceTitle "EXT 2006"]
[Source "ChessBase"]
[SourceDate "2005.11.24"]
[SourceVersion "1"]
[SourceVersionDate "2005.11.24"]
[SourceQuality "1"]
[WhiteTeam "Bois Colombes"]
[BlackTeam "Bagneux"]
[WhiteTeamCountry "FRA"]
[BlackTeamCountry "FRA"]

1. e4 c5 2. Nf3 Nc6 3. c3 Nf6 4. e5 Nd5 5. d4 cxd4 6. cxd4 d6 7. Qb3 e6 8. Bb5 Bd7 9. Nbd2 a6 10. Bxc6 Bxc6 11. 0-0 Nb6 12. exd6 Bxd6 13. Ne5 Bd5 14. Qg3 0-0 15. Qg4 Rc8 16. Re1 Nd7 17. Nf1 Kh8 18. Qh5 g6 19. Qh6 Nxe5 20. dxe5 Be7 21. Bf4 Re8 22. Ne3 Bf8 23. Qh3 Be4 24. Rad1 Qe7 25. Qg3 Bf5 26. Bg5 Qc7 27. Qh4 Kg8 28. g4 Be4 29. Bf6 b5 30. Rd4 Bb7 31. g5 h5 32. gxh6 Kh7 33. Rf4 Qc6 34. f3 Bc5 35. Kg2 Rg8 36. Be7 Qe8 37. Ng4 Bxe7 38. Qf6 Bxf6 39. Nxf6+ Kxh6 40. Nxe8 Rcxe8 41. Rxf7 Rg7 42. Rxg7 Kxg7 43. Kg3 Rc8 44. Re2 Bd5 45. a3 Kh6 46. h4 Rc1 47. Rd2 Kh5 48. Rd4 Rc4 49. Rg4 Kh6 0-1

[Event "FRA-chT2 0405"]
[Site "France"]
[Date "2004.11.06"]
[Round "2.2"]
[White "Elbilia, Jacques"]
[Black "Wabant, Pascal"]
[Result "1-0"]
[WhiteElo "2163"]
[BlackElo "2442"]
[PlyCount "69"]
[EventDate "2004.10.10"]
[EventType "team-tourn"]
[EventRounds "11"]
[EventCountry "FRA"]
[SourceTitle "EXT 2006"]
[Source "ChessBase"]
[SourceDate "2005.11.24"]
[SourceVersion "1"]
[SourceVersionDate "2005.11.24"]
[SourceQuality "1"]
[WhiteTeam "Vincennes"]
[BlackTeam "Bois Colombes"]
[WhiteTeamCountry "FRA"]
[BlackTeamCountry "FRA"]

1. d4 Nf6 2. Nf3 g6 3. c4 Bg7 4. Nc3 0-0 5. e4 d6 6. Be2 e5 7. 0-0 Nc6 8. d5 Ne7 9. Bg5 Nh5 10. Ne1 Nf4 11. Nd3 Nxd3 12. Bxd3 f6 13. Be3 f5 14. f3 f4 15. Bf2 h5 16. c5 g5 17. Be2 Ng6 18. cxd6 cxd6 19. Rc1 Rf7 20. h3 Bf8 21. Qd3 Rg7 22. Nb5 a6 23. Nc7 g4 24. fxg4 f3 25. Qxf3 hxg4 26. hxg4 Bxg4 27. Qxg4 Nf4 28. Qf3 Qg5 29. Be3 Qxg2+ 30. Qxg2 Rxg2+ 31. Kh1 Rc8 32. Rg1 Rg7 33. Bxf4 exf4 34. Ne6 Rxc1 35. Rxc1 1-0